| 000 | 00000nam 2200000zi 4500 |
| 001 | 9.878873 |
| 003 | CaOODSP |
| 005 | 20221107165347 |
| 006 | m o d f |
| 007 | cr cn||||||||| |
| 008 | 190904e201910 onca ob f000 0 fre d |
| 020 | |a9780660325149 |
| 040 | |aCaOODSP|bfre|erda|cCaOODSP |
| 043 | |an-cn--- |
| 086 | 1 |aH14-336/2019F-PDF |
| 245 | 00|aStratégie de données de Santé Canada. |
| 264 | 1|aOttawa (Ontario) : |bSanté Canada = Health Canada, |coctobre 2019. |
| 264 | 4|c©2019 |
| 300 | |a1 ressource en ligne (47 pages) : |billustrations en couleur |
| 336 | |atexte|btxt|2rdacontent/fre |
| 337 | |ainformatique|bc|2rdamedia/fre |
| 338 | |aressource en ligne|bcr|2rdacarrier/fre |
| 500 | |aPublié aussi en anglais sous le titre : Health Canada data strategy. |
| 500 | |a« Pub. : 190328. » |
| 504 | |aComprend des références bibliographiques. |
| 610 | 16|aCanada. |bSanté Canada|xPlanification. |
| 650 | 6|aInformation sur l'État électronique|zCanada|xGestion. |
| 710 | 1 |aCanada. |bSanté Canada, |eorganisme de publication. |
| 775 | 08|tHealth Canada data strategy.|w(CaOODSP)9.878872 |
| 856 | 40|qPDF|s1.61 Mo|uhttps://publications.gc.ca/collections/collection_2021/sc-hc/H14-336-2019-fra.pdf |